| 000 | 00503nam a22001697a 4500 | ||
|---|---|---|---|
| 003 | AUA.1 | ||
| 005 | 20251118174630.0 | ||
| 008 | 250714b |||||||| |||| 00| 0 eng d | ||
| 040 | _cJTL | ||
| 100 | _aAywa, Erick | ||
| 245 |
_aDiscipleship Motif in Mark 4:35-41: _bSyntactical theological method / _cErick Aywa. |
||
| 260 | _cc2024 | ||
| 300 |
_avii, 86 leaves : _bIllustrations : _c30cm. |
||
| 650 | _aChristian life | ||
| 690 | _aMark 4:35-41 | ||
| 942 |
_2aua _cTHESIS _hMABTS _i.A99 2024 |
||
| 999 |
_c25232 _d25232 |
||